Error - Book not found in Google Books : (Record no. 612765)

MARC details
000 -LEADER
fixed length control field 00377nam a2200145 a 4500
008 - FIXED-LENGTH DATA ELEMENTS--GENERAL INFORMATION
fixed length control field 260217s2026##################000#0#eng##
020 ## - INTERNATIONAL STANDARD BOOK NUMBER
ISBN 9788131511992
082 04 - DEWEY DECIMAL CLASSIFICATION NUMBER
Classification number 333.70577
Item number DAV
245 10 - TITLE STATEMENT
Title Error - Book not found in Google Books :
942 ## - ADDED ENTRY ELEMENTS (KOHA)
Koha item type English Books
Holdings
Withdrawn status Lost status Damaged status Not for loan Home library Current library Shelving location Date acquired Full call number Accession Number Price effective from Koha item type
        Anna Centenary Library Anna Centenary Library 4TH FLOOR, A WING 17.02.2026 333.70577 DAV 303485 17.02.2026 English Books

Find us on the map